=LDR 00000nam 2200000 4500 =001 INLIS000000000015254 =005 20200924093033 =035 ##$$a 0010-061300000015254 =008 200924################g##########0#ind## =041 ##$$a Ind =082 ##$$a 306.3 =090 ##$$a 631.409.598.2, Har-t =100 ##$$a Hardjono, Joan =245 1#$$a Tanah, Pekerjaan dan Nafkah di Pedesaan Jawa Barat /$c Joan Hardjono =260 ##$$a Yogyakarta :$b UGM Press,$c 1990 =300 ##$$a XIII, 328 hlm. : $b Ilus ; $c 15x21 cm =650 #4$$a sosiologi - ekonomi =850 ##$$a NBPNMAT =020 ##$$a 979-420-165-0 =084 ##$$a 306.3 HAR t =504 ##$$a Bibliografi : hlm. 311 - 322 =504 ##$$a Indeks : hlm. 323 - 328 =990 ##$$a 00039727 =990 ##$$a 00039728 =990 ##$$a 76.834 pro.94 =990 ##$$a 76.835 pro.94